| 000 | 00712nam a2200217 a 4500 | ||
|---|---|---|---|
| 001 | 000020966 | ||
| 005 | 20200930011212.0 | ||
| 008 | 100825s2000 dr 000 0 spa d | ||
| 040 |
_aDO-SdBNP _bspa _cBNPHU |
||
| 082 |
_axxxx _bS182c |
||
| 100 | 1 |
_aSalvátor S. Ángelus _943912 |
|
| 245 | 1 | 0 |
_aCómo interpretar bien la biblia / _cÁngelus Salvátor S. |
| 260 |
_aSanto Domingo : _bEditora Molinaga, _c2000. |
||
| 300 |
_a124 p. ; _c21 cm. |
||
| 490 | 1 | _aHermenéutica 2000 | |
| 500 | _aIncluye datos biográficos del autor en la contracubierto | ||
| 500 | _aUn curso de formación superior en biblia | ||
| 504 | _aIncluye bibliografías (p. 124) | ||
| 830 | 0 |
_aHermenéutica 2000 _943913 |
|
| 049 | _aBNPD | ||
| 999 |
_c20469 _d20469 |
||